000 00887cam a2200265 i 4500
001 3449
003 BD-RjUL
005 20211208233731.0
008 131219s1980 nyu 001 0 eng d
020 _a0029336708
035 _a(BD-RjUL)3483
040 _aDLC
_cDLC
_dDLC
_d(BD-RjUL)
_beng
041 _aeng
082 0 0 _a341.2324
_219
_bWAB
100 1 _aWaldheim, Kurt.
_910841
245 1 0 _aBuilding the future order :
_bthe search for peace in an interdependent world /
_cKurt Waldheim ; edited by Robert L. Schiffer ; foreword by Brian Urquhart.
260 _aNew York :
_bFree Press ;
_aLondon :
_bCollier Macmillan Publishers,
_cc1980.
300 _axxv, 262 p. ;
_c25 cm.
500 _aIncludes index.
504 _aIncludes Index
610 2 0 _aUnited Nations.
_bSecretary-General.
_9133546
610 2 0 _aUnited Nations.
_9139885
942 _2ddc
_cBK
999 _c3449
_d3449